000 00343nam a2200145Ia 4500
005 20251222141804.0
008 251222s9999||||xx |||||||||||||| ||spa||
020 _a968-7529-65-3
082 _a658.3/S47
100 _aSherman, Leneve
245 0 _aAdministración de Recursos Humanos
250 _a11a.ed.
264 _bThomson
942 _cLIB
999 _c6235
_d6235